Sports Quiz

Random Sports or Grab Bag Quiz

Find the Boxing Hall of Fame Inductees Quiz Stats

 Plays Quiz Updated Apr 28, 2018

Challenge
Share
Tweet
Score 0/16 Timer 03:00
0 Plays Today
% Correct
Muhammad Ali (1990)
91.9%
Mike Tyson (2011)
90.7%
Lennox Lewis (2009)
84.5%
Evander Holyfield (2017)
83.8%
Sugar Ray Leonard (1997)
81.7%
George Foreman (2003)
81.6%
Joe Frazier (1990)
76.7%
Julio César Chávez (2011)
75.1%
% Correct
Roberto Durán (2007)
74.7%
Max Schmeling (1992)
73.8%
Marvelous Marvin Hagler (1993)
73.3%
Rocky Marciano (1990)
67.1%
Sonny Liston (1991)
67%
Jake LaMotta (1990)
65.3%
Sugar Ray Robinson (1990)
62.5%
Joe Louis (1990)
60.6%

You're not logged in!

Compare scores with friends on all Sporcle quizzes.
Join for Free
OR
Log In

You Might Also Like...

Show Comments

Extras

Top Quizzes Today


Score Distribution

Your Account Isn't Verified!

In order to create a playlist on Sporcle, you need to verify the email address you used during registration. Go to your Sporcle Settings to finish the process.

Report this User

Report this user for behavior that violates our Community Guidelines.

Details: